000 00743nam a2200229 a 4500
003 DO-SdBNP
005 20211214105757.0
007 ta
008 211214e2015 dr a|||jr|||| 001 0 spa d
020 _a9789807135122
040 _aDO-SdBNP
_bspa
_cBNPHU
082 4 _222
_bR696s
100 1 _aRodríguez , Elvis
_978451
245 _aSer y quehacer de la educación popular:
_bnuestra identidad desde la educación popular /
_cElvis Rodríguez; Ilustación, William Estany Vásquez
260 _aSanto Domingo :
_bFe y Alegría,
_c2015
300 _a103 p :
_bil. ;
_c22 cm.
490 _aMás Allá del Asfalto
590 _aInventariado MF / 2021
830 _aMás Allá del Asfalto
_lspa
_980856
910 _aMFeliz
942 _2ddc
_cLBS1
999 _c51121
_d51121